1980s Broadway Match Up Quiz Stats

Quiz not verified by Sporcle

Challenge
Share
Tweet
Score 0/25 Timer 05:00
0 Plays Today
% Correct
The Phantom of the Opera
76.7%
Into the Woods
61.6%
Sunday in the Park with George
55.6%
Starlight Express
52.5%
Les Miserables
47.4%
Merrily We Roll Along
46.7%
Chess
46%
Aspects of Love
41.6%
Miss Saigon
40.5%
Little Shop of Hororrs
35.9%
Song and Dance
32.3%
The Rink
30.2%
La Cage Aux Folles
30.1%
% Correct
Woman of the Year
29.3%
City of Angels
28.5%
Nine
26.6%
Mystery of Edwin Drood
23.6%
Barnum
23.3%
Blood Broothers
23.3%
Big River
22.7%
Dreamgirls
22.5%
Lucky Stiff
20.9%
Baby
20.5%
Rags
19.8%
Grand Hotel
18.9%

You're not logged in!

Compare scores with friends on all Sporcle quizzes.
Sign Up with Email
OR
Log In

You Might Also Like...

Show Comments

Extras

Top Quizzes Today


Score Distribution

Your Account Isn't Verified!

In order to create a playlist on Sporcle, you need to verify the email address you used during registration. Go to your Sporcle Settings to finish the process.

Report this User

Report this user for behavior that violates our Community Guidelines.

Details: